| 000 | 00570nam a2200205 a 4500 | ||
|---|---|---|---|
| 005 | 20140310183245.0 | ||
| 008 | 040830s19uu xx 00 eng d | ||
| 020 | _a0-07-229115-x | ||
| 050 |
_aQM 34 _b.W812 2005 |
||
| 100 | _aWise, Eric | ||
| 245 |
_aLaboratory manual: _bhuman anatomy. _cEric Wise |
||
| 250 | _a1st ed. | ||
| 260 |
_aBoston : _bMcGraw-Hill Higher Education, _c2005. |
||
| 300 |
_a440 p. : _bill. ; _c29 cm. |
||
| 500 | _aIncludes bibliographical & index. | ||
| 521 | _aNUR | ||
| 650 | _aHuman anatomy. | ||
| 942 |
_cBK _2lcc _kFOR |
||
| 999 |
_c20681 _d20681 |
||